000 00731nam a2200289Ia 4500
005 20260324131801.0
008 008 260324s9999 xx 000 0 eng d
020 _a9780429483295
037 _aEBOOK
040 _aCRL
040 _beng
040 _cCRL
041 _2eng
041 _aeng
084 _qCRL
100 _aAmaryll Perlesz; Carmel Flaskas; Barry Mason
_91186815
245 4 _aThe Space Between
245 0 _bExperience, Context, and Process in the Therapeutic Relationship
260 _bTaylor and Francis
260 _c2005
365 _a
365 _b180
856 _uhttp://www.taylorfrancis.com/books/9780429483295
942 _cEBOOK
999 _c1784302
_d1784302